Shirley barber's fairy collection : (Record no. 6311)

MARC details
000 -LEADER
fixed length control field 01130nam a22002777a 4500
001 - CONTROL NUMBER
control field 6311
003 - CONTROL NUMBER IDENTIFIER
control field FISKH
005 - DATE AND TIME OF LATEST TRANSACTION
control field 20250410095855.0
008 - FIXED-LENGTH DATA ELEMENTS--GENERAL INFORMATION
fixed length control field 250410b cb ||||| |||| 00| 0 eng d
020 ## - INTERNATIONAL STANDARD BOOK NUMBER
International Standard Book Number 9781865035727
040 ## - CATALOGING SOURCE
Original cataloging agency FISKH
Language of cataloging eng
Transcribing agency FISKH
Modifying agency FISKH
050 ## - LIBRARY OF CONGRESS CALL NUMBER
Classification number PZ5
082 ## - DEWEY DECIMAL CLASSIFICATION NUMBER
Classification number 398.21
100 ## - MAIN ENTRY--PERSONAL NAME
Personal name Barber, Shirley
245 ## - TITLE STATEMENT
Title Shirley barber's fairy collection :
Remainder of title The enchanted woods, the tooth fairy, rainbow magic, bedtime story.
250 ## - EDITION STATEMENT
Edition statement This edition published in 2008.
260 ## - PUBLICATION, DISTRIBUTION, ETC.
Place of publication, distribution, etc. Victoria :
Name of publisher, distributor, etc. The Five Mile Press :
Date of publication, distribution, etc. 2001.
300 ## - PHYSICAL DESCRIPTION
Extent 94 pages :
Other physical details color illustrations ;
Dimensions 32 cm
505 ## - FORMATTED CONTENTS NOTE
Formatted contents note R<br/>
520 ## - SUMMARY, ETC.
Summary, etc. Down the ages, children have listened spellbound to tales of fairy folk and faraway places. They will gain special delight from hearing the stories in Shirley Barber's well-loved Fairy Collection - as they turn the pages of the book and look at her exquisite paintings. Enchanting music between each story adds to the magic!
521 8# - TARGET AUDIENCE NOTE
Target audience note 660<br/>
Source Lexile estimate <br/>
521 8# - TARGET AUDIENCE NOTE
Target audience note R<br/>
Source Raz-Plus
650 ## - SUBJECT ADDED ENTRY--TOPICAL TERM
Topical term or geographic name entry element Fairy Tales
Form subdivision Picture Book
942 ## - ADDED ENTRY ELEMENTS (KOHA)
Source of classification or shelving scheme Dewey Decimal Classification
Koha item type Books
Suppress in OPAC No
Holdings
Withdrawn status Lost status Source of classification or shelving scheme Damaged status Not for loan Collection Home library Current library Shelving location Date acquired Total Checkouts Full call number Barcode Date last seen Price effective from Koha item type
    Dewey Decimal Classification     Juvenile Fiction Footprints International School Library Network Toul Kork Campus Footprints International School Library Network Toul Kork Campus TK Primary Library Room(4th Floor), Bookcase 5&6, Shelves 33-56, Orange Books 04/10/2025   BAR 398.21 PZ5 2025-1059 04/10/2025 04/10/2025 Books